Largest Cities in L.A. County - Statistics

General Stats
  • This quiz has been taken 64 times
  • The average score is 6 of 15
Answer Stats
Population City % Correct
4,094,764 Los Angeles
98%
494,709 Long Beach
72%
151,576 Pasadena
60%
108,469 Burbank
55%
207,902 Glendale
51%
149,717 Torrance
49%
119,053 Inglewood
43%
177,641 Santa Clarita
42%
163,683 Pomona
30%
152,622 Palmdale
28%
113,715 Downey
26%
145,875 Lancaster
26%
112,890 West Covina
25%
109,817 Norwalk
21%
126,464 El Monte
19%
No matching quizzes found
Score Distribution
Percent of People with Each Score
Percentile by Number Answered
Your Score History
You have not taken this quiz